[Event "anyone for tennis (I mean chess of course)"]
[Site "SchemingMind.com"]
[Date "2014.01.19"]
[Round "-"]
[White "bobbassbone"]
[Black "Phillip Beckett"]
[Result "1-0"]
[WhiteCountry "ENG"]
[BlackCountry "ENG"]
[WhiteElo "1654"]
[WhiteRD "64"]
[BlackElo "1543"]
[BlackRD "52"]
[GameID "345954"]

1. d4 e5 2. dxe5 Nc6 3. Nf3 Qe7 4. c3 Nxe5 5. Nxe5 Qxe5 6. Nd2 Nf6 7. Nf3 Qa5 8. Bf4 d6 9. e3 Be7 10. Qb3 Qb6
11. Bc4 Qxb3 12. Bxb3 Bg4 13. Ng5 Bh5 14. h3 h6 15. Nf3 O-O 16. Nd4 Rfe8 17. O-O Bf8 18. Bd1 Bxd1 19. Rfxd1 Ne4 20. Rd3 g6
21. f3 Nc5 22. Rd2 Bg7 23. Nb5 Na6 24. Rad1 g5 25. Bg3 Rxe3 26. Bf2 Re7 27. Kf1 b6 28. Re1 Rae8 29. Rxe7 Rxe7 30. Re2 Rxe2
31. Kxe2 Nc5 32. Bxc5 dxc5 33. Nxa7 Be5 34. Nc6 Bd6 35. Nd8 Kf8 36. Kd3 Ke8 37. Nb7 Kd7 38. Nxd6 cxd6 39. Ke4 Kc6 40. Kf5 d5
41. Ke5 b5 42. a3 f6+ 43. Kf5 d4 44. cxd4 cxd4 45. Ke4 Kc5 46. b3 f5+ 47. Kd3 h5 48. a4 bxa4 49. bxa4 g4 50. a5 h4
51. hxg4 fxg4 52. fxg4
1-0

[Event "anyone for tennis (I mean chess of course)"]
[Site "SchemingMind.com"]
[Date "2014.01.19"]
[Round "-"]
[White "bobbassbone"]
[Black "Scooter"]
[Result "0-1"]
[WhiteCountry "ENG"]
[BlackCountry "USA"]
[WhiteElo "1654"]
[WhiteRD "64"]
[BlackElo "1705"]
[BlackRD "45"]
[GameID "345955"]

1. d4 Nf6 2. Bf4 g6 3. e3 Bg7 4. Nf3 Nc6 5. c3 O-O 6. Nbd2 d5 7. Be2 Bg4 8. h3 Bxf3 9. Nxf3 Re8 10. Qc2 Ne4
11. Bd3 Nf6 12. O-O Nh5 13. Bh2 e6 14. Rfe1 Nf6 15. e4 dxe4 16. Bxe4 Nxe4 17. Rxe4 Rc8 18. Rae1 Ne7 19. Be5 Bxe5 20. Nxe5 Nf5
21. Qe2 Nd6 22. Rf4 Qg5 23. Rg4 Qe7 24. h4 Nf5 25. h5 Ng7 26. hxg6 hxg6 27. Qe3 Nf5 28. Qh3 Kg7 29. Nf3 Rh8 30. Nh4 Rxh4
31. Rxh4 Qxh4 32. Qxh4 Nxh4 33. Re4 Nf5 34. g4 Nd6 35. Re2 Rh8 36. Kg2 a5 37. f3 b5 38. Re5 c6 39. Rc5 Rc8 40. Kg3 f5
41. gxf5 gxf5 42. b3 Kf6 43. c4 Ke7 44. Kf4 Kd7 45. d5 exd5 46. cxd5 cxd5 47. Rxd5 Rc2 48. Ke5 Re2+ 49. Kf4 Rxa2 50. Rd3 a4
0-1

[Event "anyone for tennis (I mean chess of course)"]
[Site "SchemingMind.com"]
[Date "2014.01.19"]
[Round "-"]
[White "bobbassbone"]
[Black "kenneth m day"]
[Result "1/2-1/2"]
[WhiteCountry "ENG"]
[BlackCountry "USA"]
[WhiteElo "1623"]
[WhiteRD "63"]
[BlackElo "1767"]
[BlackRD "48"]
[GameID "345956"]

1. d4 Nf6 2. Bf4 d5 3. e3 e6 4. Nf3 Bd6 5. Bg3 Ne4 6. Nbd2 Nxg3 7. hxg3 Nc6 8. c3 Bd7 9. Bd3 Qe7 10. Qc2 O-O-O
11. O-O-O h6 12. Rh2 f6 13. Nh4 Be8 14. Bg6 Rg8 15. Bh7 Rh8 16. Bd3 f5 17. Bb5 g5 18. Nhf3 Bd7 19. Rdh1 Qf6 20. Qa4 a6
21. Bxc6 Bxc6 22. Qc2 Rde8 23. Rh5 Rd8 24. Qd1 e5 25. dxe5 Bxe5 26. Nxe5 Qxe5 27. Rxh6 Rxh6 28. Rxh6 Rh8 29. Qh1 Rxh6 30. Qxh6 Qe7
31. Nf3 g4 32. Nd4 Bd7 33. Qh8+ Qd8 34. Qe5 c6 35. Nxf5 Qf8 36. Nd6+ Kd8 37. Nxb7+ Kc8 38. Nc5 Qxf2 39. Nxd7 Qe1+ 40. Kc2 Qe2+
41. Kb3 Qc4+ 42. Ka3 Kxd7 43. Qf5+ Kd8 44. Qf8+ Kd7 45. Qb8 Qc5+ 46. Qb4 Qxe3 47. Qb7+ Kd6 48. Qg7 Qxg3 49. Qf6+ Kc7 50. Qe7+=
1/2-1/2

[Event "anyone for tennis (I mean chess of course)"]
[Site "SchemingMind.com"]
[Date "2014.01.19"]
[Round "-"]
[White "bobbassbone"]
[Black "Simon Green"]
[Result "0-1"]
[WhiteCountry "ENG"]
[BlackCountry "ENG"]
[WhiteElo "1654"]
[WhiteRD "64"]
[BlackElo "1591"]
[BlackRD "55"]
[GameID "345957"]

1. d4 e6 2. Bf4 d5 3. e3 Nf6 4. c3 c5 5. Bd3 c4 6. Bc2 Be7 7. Nf3 O-O 8. Nbd2 b5 9. h3 a5 10. a3 a4
11. Ne5 Bb7 12. Qf3 Nc6 13. Qg3 Nh5 14. Qg4 Nxf4 15. Qxf4 Bd6 16. Nxc6 Bxc6 17. Qf3 f5 18. Qh5 g6 19. Qf3 Qf6 20. O-O Kg7
21. Qe2 h5 22. Rfe1 Rae8 23. Qf3 e5 24. dxe5 Qxe5 25. Kf1 Ba8 26. Qd1 Qh2 27. Ke2 Qxg2 28. Rg1 Qxh3 29. Rh1 Qg4+ 30. Nf3 d4
31. Qxd4+ Be5 32. Qxg4 fxg4 33. Nxe5 Bxh1 34. Nxg6 Bf3+ 35. Ke1 Rf6 36. Nh4 Rd8 37. Nxf3 Rxf3 38. Rd1 Rxd1+ 39. Bxd1 Rf6 40. Be2 Kg6
41. Bf1 Kg5 42. Bg2 h4 43. Kf1 Rd6 44. Ke2 Rf6 45. Kf1 g3 46. Ke1 Rxf2
0-1

[Event "anyone for tennis (I mean chess of course)"]
[Site "SchemingMind.com"]
[Date "2014.01.19"]
[Round "-"]
[White "bobbassbone"]
[Black "Sahajaxx"]
[Result "0-1"]
[WhiteCountry "ENG"]
[BlackCountry "ENG"]
[WhiteElo "1654"]
[WhiteRD "64"]
[BlackElo "2013"]
[BlackRD "90"]
[GameID "345958"]

1. d4 d5 2. Bf4 Nf6 3. e3 c6 4. c3 Qb6 5. Qc2 g6 6. Bd3 Bg7 7. Nf3 Nbd7 8. Nbd2 O-O 9. h3 c5 10. O-O c4
11. Be2 Nh5 12. Bh2 Nhf6 13. h4 Qd8 14. Ne5 Nxe5 15. Bxe5 Bf5 16. Qd1 Ne4 17. Bxg7 Kxg7 18. Bf3 Nxd2 19. Qxd2 Bd3 20. Be2 Bxe2
21. Qxe2 Qd6 22. g3 f5 23. Rfe1 Qe6 24. Qf3 b5 25. a3 Rab8 26. Qf4 Rb7 27. Qf3 a5 28. Re2 Rfb8 29. Ree1 h5 30. Kg2 Qe4=
31. Qxe4 fxe4 32. Kh3 b4 33. axb4 axb4 34. Ra5 bxc3 35. bxc3 e6 36. Rea1 Rb2 37. Kg2 R2b3 38. R5a3 Rxa3 39. Rxa3 Rb3 40. Ra7+ Kf6
41. Ra1 Rxc3 42. Kf1 g5 43. hxg5+ Kxg5 44. Ra6 Kf5 45. Ke2 Rc2+ 46. Ke1 c3 47. Rc6 Rc1+ 48. Ke2 c2 49. Kd2 Rf1
0-1

[Event "anyone for tennis (I mean chess of course)"]
[Site "SchemingMind.com"]
[Date "2014.01.19"]
[Round "-"]
[White "MarketTheHay"]
[Black "bobbassbone"]
[Result "1-0"]
[WhiteCountry "ENG"]
[BlackCountry "ENG"]
[WhiteElo "1983"]
[WhiteRD "110"]
[BlackElo "1643"]
[BlackRD "70"]
[GameID "345959"]

1. e4 c6 2. d4 d5 3. exd5 cxd5 4. c4 dxc4 5. Bxc4 e6 6. Nf3 Nf6 7. O-O Nc6 8. Nc3 Bb4 9. Be3 Bd7 10. Rc1 Bxc3
11. bxc3 O-O 12. Rb1 b6 13. Re1 Qc7 14. Bb3 Rac8 15. Qd3 h6 16. Bd2 Rfd8 17. Bc2 Ne7 18. Ne5 Nc6 19. Rbc1 Ne7 20. Qg3 Kh8
21. Nxf7+
1-0

[Event "anyone for tennis (I mean chess of course)"]
[Site "SchemingMind.com"]
[Date "2014.01.19"]
[Round "-"]
[White "mmccaffe"]
[Black "bobbassbone"]
[Result "1-0"]
[WhiteCountry "USA"]
[BlackCountry "ENG"]
[WhiteElo "1668"]
[WhiteRD "63"]
[BlackElo "1654"]
[BlackRD "64"]
[GameID "345960"]

1. e4 c6 2. d4 d5 3. Nc3 dxe4 4. Nxe4 Bf5 5. Ng3 Bg6 6. Nf3 h6 7. Bd3 Bxd3 8. Qxd3 Nf6 9. O-O e6 10. b3 Nbd7
11. Bb2 Be7 12. Rfd1 Nb6 13. c4 O-O 14. Rac1 Qc7 15. Ne4 Rad8 16. Nxf6+ Bxf6 17. Qe2 Rd7 18. Ne5 Bxe5 19. dxe5 Rfd8 20. h3 Rxd1+
21. Rxd1 Kf8 22. Ba3+ Kg8 23. Bd6 Qc8 24. Qg4 Nd7 25. f4 c5 26. Rd3 b6 27. Rg3 g6 28. h4 Kh8 29. h5 Rg8 30. Qh4 Qe8
31. hxg6 Nf8 32. Qxh6+
1-0

[Event "anyone for tennis (I mean chess of course)"]
[Site "SchemingMind.com"]
[Date "2014.01.20"]
[Round "-"]
[White "emvarela"]
[Black "bobbassbone"]
[Result "1/2-1/2"]
[WhiteCountry "ARG"]
[BlackCountry "ENG"]
[WhiteElo "1683"]
[WhiteRD "48"]
[BlackElo "1654"]
[BlackRD "64"]
[GameID "345961"]

1. e4 c6 2. d4 d5 3. Nc3 dxe4 4. Nxe4 Bf5 5. Ng3 Bg6 6. h4 h6 7. Nf3 Nf6 8. h5 Bh7 9. Bd3 Bxd3 10. Qxd3 e6
11. Ne5 Nbd7 12. Nxd7 Qxd7 13. Ne4 Nxe4 14. Qxe4 Be7 15. Be3 O-O 16. O-O-O Bf6 17. Bf4 Rad8 18. Be5 Bxe5 19. dxe5 Qc7 20. g4 Rxd1+
21. Rxd1 Rd8 22. Rxd8+ Qxd8 23. Qe3=
1/2-1/2

[Event "anyone for tennis (I mean chess of course)"]
[Site "SchemingMind.com"]
[Date "2014.01.19"]
[Round "-"]
[White "Phillip Beckett"]
[Black "bobbassbone"]
[Result "1-0"]
[WhiteCountry "ENG"]
[BlackCountry "ENG"]
[WhiteElo "1543"]
[WhiteRD "52"]
[BlackElo "1654"]
[BlackRD "64"]
[GameID "345962"]

1. e4 c6 2. d4 d5 3. Nc3 dxe4 4. Nxe4 Bf5 5. Ng3 Bg6 6. Nf3 h6 7. c3 e6 8. Bd3 Bxd3 9. Qxd3 Nf6 10. Bf4 Bd6
11. Bxd6 Qxd6 12. O-O Nbd7 13. Rad1 O-O 14. Ne4 Nxe4 15. Qxe4 Qc7 16. Rfe1 Nf6 17. Qe5 Qxe5 18. Nxe5 Rfd8 19. h3 Rd5 20. Re2 Rad8
21. Rde1 Nd7 22. Nxd7 R8xd7 23. Re5 Kf8 24. Kf1 Rxe5 25. Rxe5= Ke7 26. Ke2 Kf6 27. Re3 Rd5 28. Rf3+ Rf5 29. Rxf5+ Kxf5 30. Kf3 f6
31. g3 h5 32. Ke3 e5 33. dxe5 Kxe5 34. f4+ Kd5 35. Kd3 f5 36. b4 a6 37. c4+ Ke6 38. Kd4 b6 39. a4 Kd6 40. c5+ bxc5+
41. bxc5+ Ke6 42. a5 Kd7 43. Ke5 Ke7 44. Kxf5 Kf7 45. g4 hxg4 46. hxg4 g6+ 47. Ke5 Ke7 48. f5 gxf5 49. gxf5
1-0

[Event "anyone for tennis (I mean chess of course)"]
[Site "SchemingMind.com"]
[Date "2014.01.20"]
[Round "-"]
[White "Scooter"]
[Black "bobbassbone"]
[Result "0-1"]
[WhiteCountry "USA"]
[BlackCountry "ENG"]
[WhiteElo "1705"]
[WhiteRD "45"]
[BlackElo "1654"]
[BlackRD "64"]
[GameID "345963"]

1. d4 c6 2. Nf3 d5 3. Bf4 Nf6 4. e3 Bg4 5. h3 Bxf3 6. Qxf3 e6 7. Nd2 Bd6 8. Bxd6 Qxd6 9. c3 Nbd7 10. Bd3 c5
11. Bb5 O-O 12. O-O a6 13. Bxd7 Nxd7 14. Rfd1 cxd4 15. exd4 Rac8 16. Qe3 Rc7 17. Nf3 Nb6 18. b3 Rfc8 19. Rac1 Rc6 20. Ne5 R6c7
21. Ng4 Qe7 22. Qg3 Nd7 23. Re1 Nf6 24. Re5 Nxg4 25. hxg4 Qf6 26. Re3 b5 27. Rce1 Qg6 28. Qf3 Qc2 29. R1e2 Qc1+ 30. Kh2 Rxc3
31. Rxc3 Qxc3 32. Qxc3 Rxc3 33. Rd2 Kf8 34. f3 Ke7 35. g5 a5 36. Kg3 Kd6 37. Kf4 Ke7= 38. g4 Kd6 39. Kg3 e5 40. dxe5+ Kxe5
41. Re2+ Kd6 42. Kf2 d4 43. Rd2 Kd5 44. Ke2 Rc7 45. Kd3 Rd7 46. Re2 Rc7 47. Rc2 Rxc2 48. Kxc2 Ke5 49. Kd3 Kf4 50. Kxd4 Kxf3
51. Kc5 Kxg4 52. Kxb5 Kxg5 53. Kxa5 f5 54. b4 f4 55. b5 f3 56. b6 f2 57. b7 f1=Q 58. b8=Q Qe1+ 59. Ka4 Qd1+ 60. Ka3 Qc1+
61. Ka4 Qf4+
0-1

[Event "anyone for tennis (I mean chess of course)"]
[Site "SchemingMind.com"]
[Date "2014.01.19"]
[Round "-"]
[White "kenneth m day"]
[Black "bobbassbone"]
[Result "1/2-1/2"]
[WhiteCountry "USA"]
[BlackCountry "ENG"]
[WhiteElo "1756"]
[WhiteRD "49"]
[BlackElo "1654"]
[BlackRD "64"]
[GameID "345964"]

1. e4 c6 2. c4 d5 3. cxd5 cxd5 4. exd5 Qxd5 5. Nc3 Qd8 6. d4 Nf6 7. Nf3 Bg4 8. Be2 e6 9. O-O Be7 10. h3 Bh5
11. Bf4 Nc6 12. Be3 O-O 13. Rc1 Rc8 14. Ne5 Bxe2 15. Nxe2 Nxe5 16. dxe5 Rxc1 17. Qxc1 Nd5 18. Bd4 b6 19. Rd1 Bg5 20. f4 Bh6
21. Bf2 Qc8 22. Qxc8 Rxc8 23. g3 Rc2 24. Rc1 Rxc1+ 25. Nxc1 Ne7 26. Nd3 Nc6 27. a3 g6 28. g4 Bf8 29. Bh4 Nd4 30. Kf2 Nc6
31. Ke3 Be7 32. Bxe7 Nxe7 33. Nb4=
1/2-1/2

[Event "anyone for tennis (I mean chess of course)"]
[Site "SchemingMind.com"]
[Date "2014.01.19"]
[Round "-"]
[White "Simon Green"]
[Black "bobbassbone"]
[Result "1-0"]
[WhiteCountry "ENG"]
[BlackCountry "ENG"]
[WhiteElo "1591"]
[WhiteRD "55"]
[BlackElo "1654"]
[BlackRD "64"]
[GameID "345965"]

1. d4 c6 2. e3 d5 3. Bd3 Nf6 4. f4 Bg4 5. Nf3 e6 6. O-O Nbd7 7. Nbd2 Bd6 8. Qe1 Bxf3 9. Nxf3 h6 10. c3 O-O
11. Ne5 Bxe5 12. fxe5 Ne8 13. e4 Qb6 14. exd5 cxd5 15. Qg3 Kh8 16. Bg6 fxg6 17. Qxg6 Qd8 18. Qxe6 Nc7 19. Rxf8+ Qxf8 20. Qg4 Qe7
21. Be3 Rf8 22. Rf1 Rxf1+ 23. Kxf1 Qf7+ 24. Qf3 Qxf3+ 25. gxf3 Kg8 26. Kf2 Kf7 27. Kg3 Nb6 28. Kg4 Nc4 29. Bc1 Na8 30. f4 Nab6
31. b3 Na5 32. f5 Nc6 33. Bf4 Nc8 34. e6+ Kf6 35. a4 Na5 36. Be5+ Ke7 37. b4 Nc4 38. Kh5 Nxe5 39. dxe5 Nb6 40. Kg6 Kf8
41. f6 gxf6 42. exf6 Nc8 43. Kxh6 Nd6 44. Kg6 Ne4 45. h4 Nxc3 46. e7+ Ke8 47. Kg7
1-0

[Event "anyone for tennis (I mean chess of course)"]
[Site "SchemingMind.com"]
[Date "2014.01.19"]
[Round "-"]
[White "Sahajaxx"]
[Black "bobbassbone"]
[Result "1-0"]
[WhiteCountry "ENG"]
[BlackCountry "ENG"]
[WhiteElo "1989"]
[WhiteRD "92"]
[BlackElo "1643"]
[BlackRD "70"]
[GameID "345966"]

1. d4 c6 2. c4 d5 3. Nc3 Nf6 4. cxd5 cxd5 5. Nf3 e6 6. Bg5 Bb4 7. Rc1 h6 8. Bd2 Bd7 9. e3 Nc6 10. Bd3 O-O
11. O-O Rc8 12. a3 Bxc3 13. Bxc3 Qb6 14. b4 Rc7 15. b5 Ne7 16. a4 Rfc8 17. Qd2 a6 18. Ba5 Qd6 19. Bxc7 Rxc7 20. Rxc7 Qxc7
21. Rc1 Qb6 22. Qc3 axb5 23. Ne5 Qd6 24. Nxd7 Qxd7 25. Bxb5 Qd6 26. Qc7 Qa3 27. Qc3 Qd6 28. Qc5 Qd8 29. Qc7
1-0

[Event "anyone for tennis (I mean chess of course)"]
[Site "SchemingMind.com"]
[Date "2014.01.20"]
[Round "-"]
[White "thefriediceman"]
[Black "MarketTheHay"]
[Result "1-0"]
[WhiteCountry "USA"]
[BlackCountry "ENG"]
[WhiteElo "2013"]
[WhiteRD "89"]
[BlackElo "1983"]
[BlackRD "110"]
[GameID "345979"]

1. e4 c6 2. Nc3 d5 3. g3 dxe4 4. Nxe4 Nf6 5. Nxf6+ gxf6 6. Bg2 h5 7. d4 Bg4 8. Qd3 e6 9. Nf3 Nd7 10. Nh4 e5
11. Be3 Qa5+ 12. c3 O-O-O 13. O-O Be7 14. Nf5 Bxf5 15. Qxf5 Qb5 16. Rfb1 exd4 17. Qxb5 cxb5 18. Bxd4 a6 19. Re1 Bd6 20. Bh3 Rh6
21. Bb6 Bc7 22. Bxc7 Kxc7 23. Re7 Kd6 24. Rxf7 Ne5 25. Rxb7
1-0

[Event "anyone for tennis (I mean chess of course)"]
[Site "SchemingMind.com"]
[Date "2014.01.20"]
[Round "-"]
[White "thefriediceman"]
[Black "mmccaffe"]
[Result "1-0"]
[WhiteCountry "USA"]
[BlackCountry "USA"]
[WhiteElo "2013"]
[WhiteRD "89"]
[BlackElo "1637"]
[BlackRD "79"]
[GameID "345980"]

1. e4 e5 2. Nc3 Nf6 3. g3 d5 4. Bg2 d4 5. Nce2 d3 6. Nc3 dxc2 7. Qxc2 Nc6 8. Nge2 Be6 9. a3 Bc5 10. b4 Bb6
11. Na4 O-O 12. Nxb6 axb6 13. d3 Nxb4 14. Qc3 Nxd3+ 15. Kf1 Nxc1 16. Rxc1 Rc8 17. Qxe5 Re8 18. Qb2 Qd3 19. f3 Qb3 20. Qxb3 Bxb3
21. Nd4 Be6 22. Nxe6 Rxe6 23. Bh3 Ree8 24. Bxc8 Rxc8 25. Ke2 b5 26. Rhd1 Kf8 27. Rc5 c6 28. Rdc1 Ra8 29. R5c3 Nd7 30. Rd1 Ke8
31. f4 Nb6 32. Rdd3 Nc4 33. e5 Nb2 34. Rf3 Nc4 35. Kf2 Nd2 36. Rfe3 Nc4 37. Red3 Nb2 38. Rd2 Nc4 39. Ra2 Nb6 40. Rb3 Na4
41. Kf3 Ke7 42. Kg4 Rd8 43. h3 Rd5 44. Kf3 Rd1 45. Kg4 Rd5 46. h4 Rd4 47. Ra1 Rd2 48. Kf3 Rd5 49. Ke3 Nb6 50. Rd3 Nc4+
51. Ke2 Rxd3 52. Kxd3 Nb2+ 53. Kd4 Na4 54. g4 Nb6 55. f5 Nd5 56. Rf1 Nb6 57. Rf3 Nd5 58. Ke4 h6 59. Rd3 Nb6 60. Rb3 Na4
61. Kf4 Nb6 62. g5 hxg5+ 63. hxg5 Nd5+ 64. Ke4 Nb6 65. Rd3 Nd5 66. Rxd5 cxd5+ 67. Kxd5 g6 68. fxg6 fxg6 69. Kc5 Ke6 70. Kxb5 Kxe5
71. Kb6 Kf5 72. Kxb7 Kxg5 73. a4 Kh4 74. a5 g5 75. a6 g4 76. a7 g3 77. a8=Q Kh3 78. Qh8+ Kg2 79. Kc6 Kf2 80. Qf6+ Kg1
81. Kd5 g2 82. Ke4 Kh2 83. Qh4+ Kg1 84. Kf3
1-0

[Event "anyone for tennis (I mean chess of course)"]
[Site "SchemingMind.com"]
[Date "2014.01.19"]
[Round "-"]
[White "thefriediceman"]
[Black "emvarela"]
[Result "1-0"]
[WhiteCountry "USA"]
[BlackCountry "ARG"]
[WhiteElo "2004"]
[WhiteRD "85"]
[BlackElo "1683"]
[BlackRD "48"]
[GameID "345981"]

1. e4 e5 2. Nc3 Nf6 3. g3 d5 4. Bg2 dxe4 5. Nxe4 Nxe4 6. Bxe4 f5 7. Bg2 Nc6 8. d3 Bd7 9. f4 Qf6 10. Nf3 O-O-O
11. fxe5 Nxe5 12. O-O Nxf3+ 13. Qxf3 Bc5+ 14. Kh1 Bc6 15. Qxf5+ Qxf5 16. Rxf5 Bxg2+ 17. Kxg2 b6 18. Bd2 Rde8 19. Re1 Rxe1 20. Bxe1 Re8
21. Kf1 Rf8 22. Rxf8+ Bxf8 23. Ke2 Kd7 24. Ke3 g5 25. g4 Bg7 26. b3 c6 27. c4 Be5 28. h3 Ke6 29. Ke4 Bf6 30. Bg3 a6
31. Bc7 b5 32. cxb5 axb5 33. a4
1-0

[Event "anyone for tennis (I mean chess of course)"]
[Site "SchemingMind.com"]
[Date "2014.01.19"]
[Round "-"]
[White "thefriediceman"]
[Black "Phillip Beckett"]
[Result "1-0"]
[WhiteCountry "USA"]
[BlackCountry "ENG"]
[WhiteElo "2013"]
[WhiteRD "89"]
[BlackElo "1562"]
[BlackRD "50"]
[GameID "345982"]

1. e4 e5 2. Nc3 Nf6 3. g3 Be7 4. Bg2 d6 5. d3 h6 6. f4 exf4 7. Bxf4 O-O 8. Nf3 Nc6 9. O-O Bg4 10. h3 Bh5
11. g4 Bg6 12. Nh4 Bh7 13. Nf5 Bxf5 14. exf5 Nh7 15. Be3 Bg5 16. Bf2 Re8 17. Ne4 Be7 18. Re1 Ng5 19. c3 Nxe4 20. Rxe4 Bf6
21. Qb3 Rxe4 22. Bxe4 Na5 23. Qa4 Nc6 24. Bxc6 bxc6 25. Qxc6 Rb8 26. b3 Qe8 27. Qxe8+ Rxe8 28. Re1 Rxe1+ 29. Bxe1 Kf8 30. Kf2 Ke7
31. c4 Bd4+ 32. Kf3 Kf6 33. Ke4 Bb2 34. Bh4+ g5 35. Bf2 a6 36. Bd4+ Bxd4 37. Kxd4 c6 38. b4 Ke7 39. a4 Kd7 40. b5 axb5
41. axb5 cxb5 42. cxb5 Kc7 43. Kd5
1-0

[Event "anyone for tennis (I mean chess of course)"]
[Site "SchemingMind.com"]
[Date "2014.01.19"]
[Round "-"]
[White "thefriediceman"]
[Black "Scooter"]
[Result "1-0"]
[WhiteCountry "USA"]
[BlackCountry "USA"]
[WhiteElo "2013"]
[WhiteRD "89"]
[BlackElo "1674"]
[BlackRD "49"]
[GameID "345983"]

1. e4 c6 2. Nc3 d5 3. g3 dxe4 4. Nxe4 Bf5 5. Bg2 Bxe4 6. Bxe4 Nf6 7. Bg2 g6 8. d3 Bg7 9. Ne2 O-O 10. O-O e6
11. Rb1 Nbd7 12. h3 Re8 13. Nc3 Qb6 14. Be3 Qa5 15. Bd2 Qc7 16. Re1 Nd5 17. Nxd5 cxd5 18. c3 Nc5 19. d4 Nd7 20. Bf4 Qd8
21. g4 Nb6 22. b3 Nd7 23. c4 Nb6 24. c5 Nd7 25. b4 Nb8 26. b5 a6 27. a4 axb5 28. axb5 Qf6 29. Be5 Qe7 30. Bxg7 Kxg7
31. Bxd5 Qh4 32. Bxb7 Ra2 33. Re2 Ra3 34. Bg2 Rd8 35. Rd2 Qf6 36. c6 Rc8 37. Rb3 Ra4 38. Rf3
1-0

[Event "anyone for tennis (I mean chess of course)"]
[Site "SchemingMind.com"]
[Date "2014.01.20"]
[Round "-"]
[White "thefriediceman"]
[Black "kenneth m day"]
[Result "1-0"]
[WhiteCountry "USA"]
[BlackCountry "USA"]
[WhiteElo "2004"]
[WhiteRD "85"]
[BlackElo "1756"]
[BlackRD "49"]
[GameID "345984"]

1. e4 e5 2. Nc3 Nf6 3. g3 d5 4. Bg2 Bc5 5. d3 Ng4 6. Nh3 Qf6 7. O-O dxe4 8. Nxe4 Qb6 9. Nxc5 Qxc5 10. c3 Nc6
11. Ng5 O-O 12. Ne4 Qe7 13. h3 Nf6 14. Bg5 h6 15. Nxf6+ gxf6 16. Bxh6 Rd8 17. Qh5 Rd6 18. Be3 f5 19. Bc5 Qf6 20. Bxd6 cxd6
21. Rfe1 Kf8 22. Qd1 Bd7 23. Qb3 b6 24. Qd1 Rc8 25. Qd2 Ne7 26. f4 exf4 27. Qxf4 Re8 28. Re2 Ng6 29. Qh6+ Qg7 30. Qxg7+ Kxg7
31. Rxe8 Bxe8 32. Re1 Bb5 33. d4 Bc4 34. a3 d5 35. Re8 Kf6 36. Rd8 Ne7 37. Rd6+ Kg5 38. Rd7 Nc8 39. Bxd5 Bxd5 40. Rxd5 Ne7
41. Rd7
1-0

[Event "anyone for tennis (I mean chess of course)"]
[Site "SchemingMind.com"]
[Date "2014.01.20"]
[Round "-"]
[White "thefriediceman"]
[Black "Simon Green"]
[Result "1-0"]
[WhiteCountry "USA"]
[BlackCountry "ENG"]
[WhiteElo "2013"]
[WhiteRD "89"]
[BlackElo "1587"]
[BlackRD "53"]
[GameID "345985"]

1. e4 e6 2. Nc3 d5 3. g3 Nf6 4. Bg2 c5 5. d3 d4 6. Nce2 e5 7. f4 Nc6 8. Nf3 Bd6 9. h3 O-O 10. f5 b5
11. g4 b4 12. Ng3 a5 13. g5 Ne8 14. h4 f6 15. Bh3 fxg5 16. Bxg5 Be7 17. Rg1 Nf6 18. Qe2 Qe8 19. Qg2 Nh5 20. Bxe7 Nxe7
21. Nxh5 g6 22. Ng3 Kg7 23. Ne2 Nc6 24. fxg6 hxg6 25. Bxc8 Rxc8 26. Nd2 a4 27. Nc4 Qe6 28. h5 Rf6 29. hxg6 Rxg6 30. Qxg6+ Qxg6
31. Rxg6+ Kxg6 32. Nb6 Rh8 33. Kd2 a3 34. bxa3 bxa3 35. Nc4
1-0

[Event "anyone for tennis (I mean chess of course)"]
[Site "SchemingMind.com"]
[Date "2014.01.20"]
[Round "-"]
[White "thefriediceman"]
[Black "bobbassbone"]
[Result "1-0"]
[WhiteCountry "USA"]
[BlackCountry "ENG"]
[WhiteElo "2013"]
[WhiteRD "89"]
[BlackElo "1643"]
[BlackRD "70"]
[GameID "345986"]

1. e4 c6 2. Nc3 d5 3. g3 dxe4 4. Nxe4 Bf5 5. Bg2 Bxe4 6. Bxe4 Nf6 7. Bg2 e6 8. d3 Nbd7 9. Ne2 Bc5 10. d4 Bb6
11. O-O Qc7 12. b3 O-O-O 13. Qe1 Nf8 14. Bb2 Ng6 15. c4 Ne7 16. c5 Bxc5 17. dxc5 Rd7 18. Nf4 Rhd8 19. Be5
1-0

[Event "anyone for tennis (I mean chess of course)"]
[Site "SchemingMind.com"]
[Date "2014.01.20"]
[Round "-"]
[White "thefriediceman"]
[Black "Sahajaxx"]
[Result "0-1"]
[WhiteCountry "USA"]
[BlackCountry "ENG"]
[WhiteElo "2004"]
[WhiteRD "85"]
[BlackElo "2013"]
[BlackRD "90"]
[GameID "345987"]

1. e4 c5 2. Nc3 Nc6 3. g3 a6 4. Bg2 d6 5. d3 g6 6. f4 Bg7 7. Be3 Nf6 8. h3 Bd7 9. Nf3 b5 10. Rb1 O-O
11. O-O b4 12. Ne2 a5 13. g4 Rb8 14. Ng3 a4 15. g5 Ne8 16. d4 cxd4 17. Bf2 e5 18. Ne2 Qc8 19. Kh2 f5 20. exf5 Bxf5
21. Nh4 Be6 22. b3 axb3 23. cxb3 Ne7 24. Qd2 Bd5 25. Rfc1 Qb7 26. Bf1 Be4 27. Rb2 d3 28. Ng1 exf4 29. Rbb1 Bc3 30. Rxc3 bxc3
31. Qxc3 Rc8 32. Qd4 Rc2 33. a4 d5 34. Rb2 Nc6
0-1

[Event "anyone for tennis (I mean chess of course)"]
[Site "SchemingMind.com"]
[Date "2014.01.20"]
[Round "-"]
[White "MarketTheHay"]
[Black "thefriediceman"]
[Result "1-0"]
[WhiteCountry "ENG"]
[BlackCountry "USA"]
[WhiteElo "2052"]
[WhiteRD "100"]
[BlackElo "2004"]
[BlackRD "85"]
[GameID "345988"]

1. e4 e5 2. Nf3 Nc6 3. d4 exd4 4. Nxd4 Bc5 5. Be3 Qf6 6. c3 Nge7 7. Bc4 Ne5 8. Be2 Qg6 9. O-O d6 10. f3 O-O
11. Nd2 a6 12. Kh1 Ba7 13. f4 N5c6 14. f5 Qf6 15. N2f3 d5 16. Bg5 Qd6 17. e5 Nxe5 18. f6 gxf6 19. Bh6 Re8 20. Nh4 N5g6
21. Nhf5 Nxf5 22. Nxf5 Bxf5 23. Rxf5 Re5 24. Bf4 Nxf4 25. Rxf4 Rg5 26. Qf1 Rg6 27. Bd3 Rh6 28. Qf3 Re8 29. Rf1 Be3 30. Rg4+ Kf8
31. h3 Bg5 32. Rxg5 c6 33. Rf5 Kg7 34. Qf4 Qe7 35. Rf3 Qe1+ 36. Kh2 Qe7 37. Rg3+ Rg6 38. Rh5 f5 39. Qh6+ Kf6 40. Rxf5+ Ke6
41. Re3+
1-0

[Event "anyone for tennis (I mean chess of course)"]
[Site "SchemingMind.com"]
[Date "2014.01.20"]
[Round "-"]
[White "mmccaffe"]
[Black "thefriediceman"]
[Result "0-1"]
[WhiteCountry "USA"]
[BlackCountry "USA"]
[WhiteElo "1637"]
[WhiteRD "79"]
[BlackElo "2013"]
[BlackRD "89"]
[GameID "345989"]

1. e4 e5 2. Nf3 Nc6 3. Bb5 a6 4. Ba4 d6 5. O-O b5 6. Bb3 Na5 7. c3 Nxb3 8. Qxb3 Be6 9. Qd1 Be7 10. Re1 h6
11. d4 exd4 12. cxd4 Nf6 13. Nbd2 c5 14. dxc5 dxc5 15. b3 O-O 16. Bb2 Qb6 17. Qe2 Rfd8 18. Nf1 c4 19. bxc4 Bxc4 20. Qe3 Qxe3
21. Rxe3 Ng4 22. Ree1 Bc5 23. Ne3 Nxe3 24. fxe3 Bb4 25. Red1 Rxd1+ 26. Rxd1 Bxa2 27. Rd7 Be6 28. Rd1 Be7 29. Nd4 Bc4 30. Nc6 Bg5
31. Bd4 a5
0-1

[Event "anyone for tennis (I mean chess of course)"]
[Site "SchemingMind.com"]
[Date "2014.01.20"]
[Round "-"]
[White "emvarela"]
[Black "thefriediceman"]
[Result "0-1"]
[WhiteCountry "ARG"]
[BlackCountry "USA"]
[WhiteElo "1683"]
[WhiteRD "48"]
[BlackElo "2004"]
[BlackRD "85"]
[GameID "345990"]

1. e4 e5 2. Nf3 Nc6 3. Bb5 a6 4. Bxc6 dxc6 5. O-O f6 6. d4 exd4 7. Nxd4 c5 8. Nb3 Qxd1 9. Rxd1 Bg4 10. f3 Be6
11. Be3 b6 12. Nc3 Bd6 13. Rd2 Ne7 14. Rad1 O-O-O 15. a4 Rd7 16. Nc1 Rhd8 17. Nd3 Nc6 18. Nf4 Bf7 19. Nfd5 Be6 20. g3 Ne5
21. Nf4 Bf7 22. Rf2 Nc4 23. Bc1 Be5 24. Rxd7 Rxd7 25. Nfd5 Bd4 26. b3 Bxf2+ 27. Kxf2 Bxd5 28. Nxd5 Nd6 29. Bf4 Kb7 30. c4 c6
31. Bxd6 cxd5 32. Bf4 dxc4 33. bxc4 Rd4 34. e5 Rxc4 35. e6 Kc8 36. e7 Kd7 37. Bc7 Kxe7 38. Bxb6 Rxa4 39. Bxc5+ Ke6 40. h4 g6
41. g4 Ra2+ 42. Kg3 a5 43. Kf4 a4 44. g5 f5 45. Bb4 a3 46. Ke3 Ra1 47. f4 a2
0-1